00438 a2200181 4500260001000000630003900010650002600049100001800075260001300093245004000106300001000146650003600156260000900192300000900201100000700210440002900217037001000246 aParis a33 - Economie - Economie politique a3 - SCIENCES SOCIALES aDi Qual, Lino bA. Colin aDroit de la comptabilité publique a327p. aComptabilité publique : droit c1971 b24cm lFr aU : droit public interne a22889